000 00741nam a22002055a 4500
005 20250329170350.0
007 ta
008 060421s1996 ck gr 000 d spa
015 _ack-1996-xxxx
040 _aCO-CtgCURN
_bspa
_ccoctgcurn
082 0 4 _a812.44
_bP127
_220
100 1 _aPaez Vargas, Yezid.
245 1 3 _aEl emperador Marco Tulio y su mujer piernas gordas /
_cYezid Páez Vargas.
250 _a1a. ed.
260 1 _aCartagena de Indias : :
_bAlcaldía Mayor de Cartagena de Indias : Secretaría de Educación y Cultura Distrital,,
_c1996.
300 _a67 p. ;
_c21 cm.
650 1 4 _aDrama colombiano
_xSiglo XX.
942 _2ddc
_cCTG
_h812.44
_iP126
999 _c6683
_d6683